Normal view
MARC view
- Aftab Ahmad Khan
Entry Personal Name
001 - CONTROL NUMBER
- control field: 28558
003 - CONTROL NUMBER IDENTIFIER
- control field: NUST
005 - DATE AND TIME OF LATEST TRANSACTION
- control field: 20200220113538.0
008 - FIXED-LENGTH DATA ELEMENTS
- fixed length control field: 200220|| aca||aabn | a|a d
040 ## - CATALOGING SOURCE
- Original cataloging agency: NUST
- Transcribing agency: NUST
100 ## - HEADING--PERSONAL NAME
- Personal name: Aftab Ahmad Khan
670 ## - SOURCE DATA FOUND
- Source citation: Work cat.: (NUST): Aftab Ahmad Khan, Noon Wal-Qalam:, 2007.
